000 01063nam a2200301 a 4500
001 BRL_1238
005 20190320211113.0
008 041213s1994----mx-ao#####---#000-p#spa-#
020 _a9686520139
041 _aspa
044 _amx
050 4 _aQL676.57
_b.C33 1994
100 1 _aCabrera Jasso, Ciprián
_926232
245 1 0 _aEl flamenco y otros versos
_cPrólogo y antología poética: Ciprián Cabrera Jasso ; Ensayo Científico: Salatiel Barragán ; Fotografía: Fulvio Eccardi, Salatiel Barragán, Jorge Correa.
260 _aMéxico
_bGrupo financiero del Sureste : Editorial Jilguero
_c1994
300 _a125 p.
_bil.
_c32 cm.
500 _aAu1414
504 _aBibliografía: p. 123
650 1 4 _aAves exóticas
_zMéxico
_926233
650 1 4 _aEspecies en peligro
_zMéxico
_926234
650 1 4 _aFlamningos
_zYucatán (México)
_926235
650 1 4 _aLiteratura
_xPoesía
_926236
700 1 _aEccardi, Fulvio
_eil.
_926237
700 1 _aBarragán, Salatiel
_eil.
_926238
700 1 _aCorrea, Jorge
_eil.
_926239
902 _aGRL
942 _2lcc
_cB
999 _c10050
_d10050